00389pab a2200145 454500008004000000100001900040245005700059260000900116300001300125362000800138650002300146700002600169700001700195773003100212180718b2012 xxu||||| |||| 00| 0 eng d aMcLeod, Laurie aA perspective based understanding of project success c2012 ap.68-86. aOct aProject management aMacDonell, Stephen G. aDoolin, Bill aProject Management Journal